| 000 | 00000nam##2200000za#4500 |
| 001 | 9.632934 |
| 003 | CaOODSP |
| 005 | 20210624215057 |
| 007 | cr ||||||||||| |
| 008 | 150407|1998||||xxc|||||o f|0| 0 fre|d |
| 040 | |aCaOODSP|bfre |
| 043 | |an-cn--- |
| 086 | 1 |aSW21-31/1998F-PDF |
| 110 | 1 |aCanada. |bCondition féminine Canada. |
| 245 | 10|aQui donnera les soins? : |h[ressource électronique]|bles incidences du virage ambulatoire et des mesures d'économie sociale sur les femmes du Québec / |c[par] Denyse Côté et al., [et l']Association féminine d'éducation et d'action sociale (APÉAS). |
| 260 | |aOttawa - Ontario : |bCondition féminine Canada |c1998. |
| 300 | |a144p.|bfigures, glossaire, tableaux |
| 500 | |a«Le présent rapport est issu d'une recherche menée de novembre 1996 à juin 1997. Il y est question des répercussions sur les femmes des transformations survenues dans le système de santé et des services sociaux et des mesures de soutien à l'économie sociale qui touchent ce secteur.»--Page ix. |
| 500 | |aLe n° de catalogue et l’ISBN de l'édition imprimée bilingue ont été incorrectement copiés dans l’édition électronique. |
| 504 | |aBibliographie. |
| 520 | 3 |aLe présent rapport est issu d'une recherche menée de novembre 1996 à juin 1997. Il y est question des répercussions sur les femmes des transformations survenues dans le système de santé et des services sociaux et des mesures de soutien à l'économie sociale qui touchent ce secteur.--Page ix |
| 590 | |a06-10-Supp|b2006-12-15 |
| 691 | 07|aRégime de soins de santé|2gcpds |
| 691 | 07|aRestructuration|2gcpds |
| 691 | 07|aServices d'urgence|2gcpds |
| 691 | 07|aConditions sociales|2gcpds |
| 691 | 07|aFemme|2gcpds |
| 720 | 1 |aCôté, Denyse |
| 775 | 08|tWho will be responsible for providing care? : |w(CaOODSP)9.688508 |
| 776 | 0#|tWho will be responsible for providing care? : |w(CaOODSP)9.660087 |
| 776 | 0#|tQui donnera les soins? : |w(CaOODSP)9.660088 |
| 856 | 40|ahttp://publications.gc.ca|qPDF|s1304 Ko|uhttps://publications.gc.ca/collections/Collection/SW21-31-1998F.pdf |